Aston Villa Squad 2026 - Statistics

General Stats
  • This quiz has been taken 26 times
  • The average score is 18 of 24
Answer Stats
Nation Age Position Answer % Correct
Argentina 33 GK Emiliano Martinez
95%
England 28 CB Ezri Konsa
95%
England 30 ST Ollie Watkins
95%
Belgium 28 CM Youri Tielemans
95%
England 23 CAM Morgan Rogers
91%
Belgium 24 CDM Amadou Onana
86%
Scorland 31 CM John McGinn
86%
Poland 28 RB Matty Cash
86%
Spain 28 CB Pau Torres
86%
France 26 CDM Boubacar Kamara
82%
Netherlands 26 ST Donyell Malen
82%
France 32 LB Lucas Digne
82%
England 32 CB Tyrone Mings
82%
Sweden 31 CB Victor Lindelöf
82%
Argentina 29 CAM Emiliano Buendia
77%
Netherlands 23 LB Ian Maatsen
77%
Netherlands 34 GK Marco Bizot
73%
England 25 LW Jadon Sancho
68%
England 32 CM Ross Barkley
64%
Ivory Coast 24 RW Evann Guessand
59%
Spain 22 RB Andres Garcia
55%
England 22 CAM Harvey Elliott
55%
Netherlands 22 CDM Lamare Bogarde
55%
Brazil 19 RW Alysson
32%
No matching quizzes found
Score Distribution
Percent of People with Each Score
Percentile by Number Answered
Your Score History
You have not taken this quiz